1342 1885 1410 1340 1911 1765 1113 1943 1508 1902 1063 1603 1238 1818 1002 1250 1217 1147 1477 1662 1360 1353 1651 1494 1361 1493 1131 1309 1646 1146 1630 1993 1531 1474 1628 1396 1563 1461 1044 1372 1351 1831 1961 1851 1267 1254 1394 1744 1387 1934 1353 1003 1078 1130 1420 1529 1368 1253 1500 1935 1101 1663 1435 1420 1624 1838 1684 1895 1305 1885 1528 1497 1774 1224 1854 1040 1347 1451 1110 1605 1225 1712 1283 1671 1631 1315 1970 1054 1562 1016 1437 1371 1760 1568 1693 1604 1615 1828 1922 BCNSPRNW ULIB Ver.6.0+V

เปลี่ยนเป็นภาษาไทย

Change to English
 แสดงรายละเอียดบรรณานุกรม
  กลับหน้าหลัก

Brief Record : Get Marc (ISO 2709) : E-mail record : QR code < ปิดหน้าต่าง
LEADER : 00000nam 2200000uu 4500
001    13399129192
003     ULIB
008    260511s2566||||th 000 0 tha d
020 ^  ^a9786168012352
060 ^  ^aWY100.1^bส226ค
100 0  ^aสภาการพยาบาล.
245 1  ^aคู่มือการจัดการเรียนการสอนวิชาการรักษาโรคเบื้องต้นสำหรับหลักสูตรพยาบาลศาสตรบัณฑิต/^cสภาการพยาบาล.
250 ^  ^aพิมพ์ครั้งที่ 1.
260 ^  ^aนนทบุรี:^bบจก. สำนักพิมพ์สื่อตะวัน.,^c2566.
300 ^  ^a344หน้า:^bภาพประกอบ, ตาราง;^c29ซม.
505 0  ^a ^tสารบัญ :ความเป็นมา - - ^tการซักประวัติสุขภาพ - - ^tกลุ่มอาการในระบบหู คอ จมูก และตา - - ^tกลุ่มอาการในระบบทางเดินหายใจ - - ^tกลุ่มอาการในระบบหัวใจและหลอดเลือด และกลุ่มอาการทางโลหิตวิทยา - - ^tกลุ่มอาการในระบบทางเดินอาหาร - - ^tกลุ่มอาการในระบโครงร่างและกล้ามเนื้อ - - ^tกลุ่มอาการในระบบประสาท - - ^tกลุ่มอาการในระบบทางเดินปัสสาวะ - - ^tกลุ่มอาการในระบบสืบพันธุ์สตรี - - ^tกลุ่มอาการในระบบผิวหนัง - - ^tยาที่ใช้ในการรักษาโรคเบื้องต้น - - ^tการส่งต่อผู้ป่วย.
650 ^  ^aNursing Care.
650 ^  ^aการซักประวัติผู้ป่วย.
650 ^  ^aการพยาบาล.
650 ^  ^aการรักษาโรค.
650 ^  ^aการรักษาโรคเบื้องต้น.
999    ^aประนอม เกษจรัล
รายการนี้ยังไม่มีแท็ก
คุณยังไม่ได้ล็อกอิน คุณสามารถมีกิจกรรมร่วมกับเว็บไซต์ได้ แต่ต้องล็อกอินก่อน ::
  ล็อกอิน

รายการสื่อสารสนเทศ

ลำดับที่ ประเภท เลขเรียก/บาร์โค้ด สถานที่ สถานะ
1. Book การพยาบาล
หนังสือสำรอง
สถานะ=หนังสือสำรอง
WY100.1 ส226ค ฉ.1 
  Barcode: 012089
ห้องสมุดวิทยาเขตสวรรค์ประชารักษ์
►หนังสือทั่วไป
บนชั้น
*เพิ่งรับคืน
2. Book การพยาบาล
Book การพยาบาล
WY100.1 ส226ค ฉ.2 
  Barcode: 012090
ห้องสมุดวิทยาเขตสวรรค์ประชารักษ์
►หนังสือทั่วไป
บนชั้น
*เพิ่งรับคืน
3. Book การพยาบาล
Book การพยาบาล
WY100.1 ส226ค ฉ.3 
  Barcode: 012091
ห้องสมุดวิทยาเขตสวรรค์ประชารักษ์
►หนังสือทั่วไป
บนชั้น
*เพิ่งรับคืน
4. Book การพยาบาล
Book การพยาบาล
WY100.1 ส226ค ฉ.4 
  Barcode: 012092
ห้องสมุดวิทยาเขตสวรรค์ประชารักษ์
►หนังสือทั่วไป
บนชั้น
*เพิ่งรับคืน
5. Book การพยาบาล
Book การพยาบาล
WY100.1 ส226ค ฉ.5 
  Barcode: 012094
ห้องสมุดวิทยาเขตสวรรค์ประชารักษ์
►หนังสือทั่วไป
บนชั้น
*เพิ่งรับคืน

รายการใกล้เคียง
    ผู้แต่ง [สภาการพยาบาล.]

    หัวเรื่อง [Nursing Care.]
    หัวเรื่อง [การซักประวัติผู้ป่วย.]
    หัวเรื่อง [การพยาบาล.]
    หัวเรื่อง [การรักษาโรค.]
    หัวเรื่อง [การรักษาโรคเบื้องต้น.]

BibComment


ยังไม่เคยถูกคอมเมนท์

คอมเมนท์ทรัพยากรรายการนี้
  คอมเมนท์: คู่มือการจัดการเ..


 Copyright 2026. Bcnsprnw @Library